Langit tinggi dijunjung : Di sekitar permasalahan orang melayu dan remaja melayu

Bibliographic Details
Main Author: Talib Samat
Format: Book
Published: Kuala lumpur : Dewan bahasa dan pustaka , 1992
Subjects:

MARC

LEADER 00000cam a2200000 7i4500
001 0000058782
005 20160114.0
008 160114
020 |a 9836225676 
090 0 0 |a 305.89923   |b TAL 
100 1 |a Talib Samat 
245 1 0 |a Langit tinggi dijunjung :   |b Di sekitar permasalahan orang melayu dan remaja melayu   |c Talib Samat 
260 |a Kuala lumpur :   |b Dewan bahasa dan pustaka ,   |c 1992 
650 0 |a Malays(Asian people),Malaysia,economic conditions 
650 0 |a Malays(Asian people),Malaysia,social conditions 
650 0 |a Malays(Asian people,Malaysia 
999 |a 0000771807   |b Book   |c Adult Collection   |e Cawangan Bandar Penawar 
999 |a 0000771808   |b Book   |c Adult Collection   |e Cawangan Bandar Penawar 
999 |a 0000771810   |b Book   |c Adult Collection   |e Cawangan Bandar Penawar 
999 |a 0000779985   |b Book   |c Adult Collection   |e Cawangan Pontian 
999 |a 0000779986   |b Book   |c Adult Collection   |e Cawangan Pontian 
999 |a 0000779987   |b Book   |c Adult Collection   |e Cawangan Pontian 
999 |a 0000793600   |b Book   |c Adult Collection   |e Cawangan Segamat 
999 |a 0000793601   |b Book   |c Adult Collection   |e Cawangan Segamat 
999 |a 0000793602   |b Book   |c Adult Collection   |e Cawangan Segamat 
999 |a 0000834780   |b Book   |c Adult Collection   |e Cawangan Mersing 
999 |a 0000834781   |b Book   |c Adult Collection   |e Cawangan Mersing